Green infranet : establint lligans : una introducció a la Xarxa d'Infraestructura Verda establint lligans :
Descripción Física:
1 tríptic ; 20 cm
Materias:
Biodiversitat -- Conservació
MARC
| LEADER | 00000nam a2200000Ia 4500 | ||
|---|---|---|---|
| 001 | 23719 | ||
| 008 | 160829s2012 xx 000 0 cat d | ||
| 080 | |a FU-62-19 | ||
| 245 | |a Green infranet : |b establint lligans : |b una introducció a la Xarxa d'Infraestructura Verda | ||
| 260 | |a Barcelona : |b Diputació de Barcelona, |c 2012 | ||
| 300 | |a 1 tríptic ; |c 20 cm | ||
| 650 | |a Biodiversitat |x Conservació |9 49832 | ||
| 710 | 2 | |a Centre Regional del Medi Ambient per a l'Europa Central i Oriental |9 53850 | |
| 710 | 1 | |a Barcelona (Catalunya : Província). |b Diputació |9 52408 | |
| 901 | |a Arxiu | ||
| 942 | |n 1 | ||
| 952 | |0 0 |1 0 |4 0 |6 FU6219 |7 1 |9 55628 |a Arxiu |b Arxiu |d 2016-12-01 |l 0 |o FU-62-19 |p 23719 |r 2016-12-01 00:00:00 |w 2016-12-01 |y ARXIU | ||
| 999 | |c 59501 |d 59501 | ||